[Event "22nd ch-EUR Indiv 2022"]
[Site "Terme Catez SLO"]
[Date "2022.03.31"]
[Round "5.10"]
[White "Mchedlishvili, Mikheil"]
[Black "Navara, David"]
[Result "1/2-1/2"]
[WhiteTitle "GM"]
[BlackTitle "GM"]
[WhiteElo "2584"]
[BlackElo "2700"]
[WhiteFideId "13600966"]
[BlackFideId "309095"]
[EventDate "2022.03.27"]

1. d4 Nf6 2. Nf3 e6 3. c4 b6 4. g3 Ba6 5. b3 Bb4+ 6. Bd2 Be7 7. Nc3 d5 8. cxd5
exd5 9. Bg2 O-O 10. O-O Re8 11. a3 c5 12. dxc5 bxc5 13. Ne5 Bb7 14. Rc1 Nbd7 15.
Nxd7 Qxd7 16. Bg5 d4 17. Bxb7 Qxb7 18. Bxf6 Bxf6 19. Na4 Qe7 20. Nxc5 Qxe2 21.
Nd3 a5 22. Re1 Qxd1 23. Rexd1 Reb8 24. b4 h6 25. Rb1 axb4 26. axb4 Ra3 27. Kf1 1/2-1/2

[Event "22nd ch-EUR Indiv 2022"]
[Site "Terme Catez SLO"]
[Date "2022.03.31"]
[Round "5.11"]
[White "Kryvoruchko, Yuriy"]
[Black "Gagunashvili, Merab"]
[Result "1/2-1/2"]
[WhiteTitle "GM"]
[BlackTitle "GM"]
[WhiteElo "2683"]
[BlackElo "2575"]
[WhiteFideId "14109182"]
[BlackFideId "13601652"]
[EventDate "2022.03.27"]

1. e4 e5 2. Nf3 Nc6 3. Bb5 a6 4. Ba4 Nf6 5. O-O b5 6. Bb3 Bc5 7. c3 d6 8. d4 Bb6
9. Be3 O-O 10. Nbd2 Bg4 11. h3 Bh5 12. dxe5 dxe5 13. Qe2 Qe7 14. Rfe1 Rfd8 15.
Nf1 Na5 16. Ng3 Nxb3 17. axb3 Bxe3 18. Qxe3 Bxf3 19. Qxf3 a5 20. Red1 g6 21.
Rxd8+ Qxd8 22. Nf1 Ra6 23. Qe2 Qb8 24. Ne3 Qb7 25. Nd5 Kg7 26. Nxf6 Kxf6 27. Qe3
a4 28. Qh6 Qxe4 29. Qxh7 Ra8 30. bxa4 bxa4 31. Qh6 Rd8 32. f3 Qc4 33. f4 exf4
34. Rf1 Qc5+ 35. Kh1 Rd5 36. Qxf4+ Rf5 37. Qh4+ Kg7 38. Rxf5 Qxf5 39. Qxa4 Qb1+
40. Kh2 Qxb2 41. Qd4+ Kh7 42. Qc4 Qb6 43. Qxf7+ Kh6 44. Qf4+ Kh7 45. Qe5 Qc6 46.
Kg3 Qd7 47. Qd4 Qe6 48. c4 Qe1+ 49. Kh2 Qe6 50. Qd5 Qe8 51. c5 c6 52. Qd6 Qe4
53. Qf6 Qd5 54. Qe7+ Kh6 55. h4 Qf5 56. Qe3+ Kh5 57. Qd4 Qf1 58. Qe4 Qf2 59. Kh3
Qxc5 60. Qf4 g5 61. Qf7+ Kh6 62. Qf6+ Kh7 63. hxg5 Qe3+ 64. g3 Qe8 65. Qf5+ Kg7
66. Kh4 Qe7 67. Qf3 c5 68. Qc6 Qe5 69. Qh6+ Kg8 70. Qg6+ Qg7 71. Qe6+ Qf7 72.
Qc8+ Qf8 73. Qc6 Qf7 74. Qc8+ Qf8 75. Qe6+ Qf7 76. Qc6 c4 77. Kg4 Kg7 78. Qd6
Qf1 79. Qe5+ Kg6 80. Qe6+ Kg7 81. Qh6+ Kg8 82. Qg6+ Kf8 83. Qd6+ Kg7 84. Qe5+ 1/2-1/2

[Event "22nd ch-EUR Indiv 2022"]
[Site "Terme Catez SLO"]
[Date "2022.03.31"]
[Round "5.12"]
[White "Deac, Bogdan-Daniel"]
[Black "Kadric, Denis"]
[Result "1/2-1/2"]
[WhiteTitle "GM"]
[BlackTitle "GM"]
[WhiteElo "2679"]
[BlackElo "2573"]
[WhiteFideId "1226380"]
[BlackFideId "14403803"]
[EventDate "2022.03.27"]

1. e4 e5 2. Nf3 Nf6 3. Nxe5 d6 4. Nf3 Nxe4 5. Nc3 Nf6 6. d4 g6 7. Qe2+ Qe7 8.
Be3 Bg7 9. O-O-O O-O 10. Qd2 Bg4 11. Be2 d5 12. h3 Bxf3 13. Bxf3 c6 14. h4 Nbd7
15. Bh6 Nb6 16. Rhe1 Qd6 17. Bf4 Qd7 18. Be2 Rfe8 19. Be5 Ng4 20. Bxg7 Kxg7 21.
Qf4 h5 22. g3 Nh6 23. Bd3 Qg4 24. Ne2 Re7 25. f3 Qxf4+ 26. Nxf4 Rae8 27. Rxe7
Rxe7 28. b3 Nc8 29. Kd2 Nd6 30. c3 Nhf5 31. Ne2 b5 32. Ra1 Rb7 33. Ke1 a5 34.
Rb1 f6 35. Kf2 Kh6 36. Rh1 g5 37. hxg5+ fxg5 38. g4 Nh4 39. gxh5 Rf7 40. f4 Kxh5
41. Ke3 Re7+ 42. Kf2 Rf7 43. Ke3 Re7+ 44. Kf2 1/2-1/2

[Event "22nd ch-EUR Indiv 2022"]
[Site "Terme Catez SLO"]
[Date "2022.03.31"]
[Round "5.13"]
[White "Prohaszka, Peter2"]
[Black "Cheparinov, Ivan"]
[Result "1/2-1/2"]
[WhiteTitle "GM"]
[BlackTitle "GM"]
[WhiteElo "2573"]
[BlackElo "2672"]
[WhiteFideId "726265"]
[BlackFideId "2905540"]
[EventDate "2022.03.27"]

1. d4 Nf6 2. c4 e6 3. Nf3 d5 4. g3 Be7 5. Bg2 O-O 6. Nc3 Nbd7 7. Qd3 b6 8. cxd5
Nxd5 9. O-O Bb7 10. Nxd5 exd5 11. b3 Re8 12. Bb2 Bd6 13. Rfd1 a5 14. e3 a4 15.
Qc2 a3 16. Bc3 Nf6 17. Ne5 Ne4 18. Rac1 Qe7 19. Ba1 f6 20. Nc6 Qe6 21. Re1 Kh8
22. b4 Bxc6 23. Qxc6 Bxb4 24. Qxe6 Rxe6 25. Red1 Ra7 26. Rc2 Kg8 27. Rdc1 Re7
28. Rc6 Bd6 29. Rb1 Ra5 30. Bc3 Nxc3 31. Rxc3 Kf7 32. Rcb3 Ke6 33. Rb5 Rxb5 34.
Rxb5 Kd7 35. Rb1 Ke6 36. Rb5 Kd7 37. Rb1 1/2-1/2

[Event "22nd ch-EUR Indiv 2022"]
[Site "Terme Catez SLO"]
[Date "2022.03.31"]
[Round "5.14"]
[White "Guseinov, Gadir"]
[Black "Stocek, Jiri"]
[Result "1-0"]
[WhiteTitle "GM"]
[BlackTitle "GM"]
[WhiteElo "2661"]
[BlackElo "2555"]
[WhiteFideId "13401378"]
[BlackFideId "304760"]
[EventDate "2022.03.27"]

1. e4 c5 2. Nc3 e6 3. Nf3 Nc6 4. d4 cxd4 5. Nxd4 Nf6 6. g3 Bb4 7. Bg2 O-O 8. O-O
d6 9. a4 e5 10. Nf5 Bxf5 11. exf5 Bxc3 12. bxc3 d5 13. Bg5 h6 14. Bh4 Rc8 15.
Re1 b6 16. Rb1 Qd6 17. Rb5 Rfd8 18. Bxf6 Qxf6 19. Rxd5 Rxd5 20. Qxd5 Qxf5 21.
Be4 Qe6 22. Qb5 Qd6 23. Re3 g6 24. Rd3 Qc7 25. Bxc6 Qxc6 26. Rd8+ Kh7 27. Rxc8
Qxc8 28. Qxe5 Qd7 29. Qd4 Qc6 30. Qb4 a5 31. Qb3 Kg7 32. c4 Qc5 33. h4 h5 34.
Kg2 Qc6+ 35. Kh2 Qc5 36. Kg1 Kf8 37. Qb5 Qd4 38. c3 Qd6 39. Kg2 Ke7 40. Kg1 Qd1+
41. Kh2 Qd6 42. Kg2 Qe6 43. Kf1 Qh3+ 44. Ke2 Qe6+ 45. Kd3 Qf6 46. f4 Qd6+ 47.
Qd5 Qc5 48. Qe5+ Kd7 49. Qd5+ Ke7 50. Qd4 Ke6 51. Qe4+ Kd6 52. Qe8 Qf5+ 53. Kd2
f6 54. Kc1 Kc7 55. Qe7+ Kc8 56. Qd6 Qc5 57. Qe6+ Kb8 58. Kb2 Qf2+ 59. Kb3 Qg1
60. Qg8+ Kc7 61. Qxg6 Qd1+ 62. Qc2 Qe1 63. Qd3 Qc1 64. c5 bxc5 65. Kc4 Qa1 66.
Qc2 Qe1 67. Kxc5 Qg1+ 68. Kb5 Qxg3 69. c4 Qxf4 70. Qh7+ Kc8 71. Qh8+ Kd7 72.
Qxh5 Qb8+ 73. Kxa5 Qa7+ 74. Kb4 Qe3 75. Qb5+ Kd8 76. Qd5+ Ke8 77. a5 Qe1+ 78.
Kb5 Qxh4 79. a6 1-0

[Event "22nd ch-EUR Indiv 2022"]
[Site "Terme Catez SLO"]
[Date "2022.03.31"]
[Round "5.15"]
[White "Tari, Aryan"]
[Black "Lodici, Lorenzo"]
[Result "1/2-1/2"]
[WhiteTitle "GM"]
[BlackTitle "GM"]
[WhiteElo "2653"]
[BlackElo "2537"]
[WhiteFideId "1510045"]
[BlackFideId "884189"]
[EventDate "2022.03.27"]

1. d4 Nf6 2. c4 e6 3. g3 d5 4. Nf3 dxc4 5. Bg2 c6 6. Ne5 Bb4+ 7. Nc3 Nd5 8. Bd2
b5 9. O-O O-O 10. a4 a5 11. h4 Bb7 12. axb5 Bxc3 13. bxc3 cxb5 14. e4 Nf6 15.
Qb1 b4 16. Nxc4 Ba6 17. Rxa5 Nc6 18. Rxa6 Rxa6 19. Rd1 Qc8 20. Qd3 Rd8 21. e5
Ne8 22. Rb1 Ra2 23. Be3 bxc3 24. Qxc3 Na5 25. Rb4 Nxc4 26. Rxc4 Qa6 27. Kh2 Qa3
28. h5 1/2-1/2

[Event "22nd ch-EUR Indiv 2022"]
[Site "Terme Catez SLO"]
[Date "2022.03.31"]
[Round "5.16"]
[White "Iskandarov, Misratdin"]
[Black "Nisipeanu, Liviu-Dieter"]
[Result "1/2-1/2"]
[WhiteTitle "GM"]
[BlackTitle "GM"]
[WhiteElo "2577"]
[BlackElo "2652"]
[WhiteFideId "13400312"]
[BlackFideId "1202758"]
[EventDate "2022.03.27"]

1. e4 e5 2. Nf3 Nc6 3. Bb5 f5 4. d3 fxe4 5. dxe4 Nf6 6. Nc3 Bb4 7. Qd3 d6 8. Bg5
Bd7 9. Nd2 Bxc3 10. Qxc3 h6 11. Be3 Ng4 12. Be2 Qh4 13. Nf3 Qe7 14. b4 O-O 15.
O-O Rac8 16. a4 Nxe3 17. fxe3 Nd8 18. a5 Ne6 19. Bc4 Kh7 20. Bd5 c6 21. Bc4 Ng5
22. Nxg5+ hxg5 23. Qd3 Rxf1+ 24. Rxf1 Rf8 25. Rxf8 Qxf8 26. Qd1 Kh6 27. Be2 Be6
28. c3 g6 29. h3 Kg7 30. Qe1 Qf6 31. Qg3 Kh6 32. Kh2 Bf7 33. Qe1 Be6 34. Kg3 Bf7
35. Qd1 Qe7 36. Qf1 Kg7 37. Bg4 Qf6 1/2-1/2

[Event "22nd ch-EUR Indiv 2022"]
[Site "Terme Catez SLO"]
[Date "2022.03.31"]
[Round "5.17"]
[White "Shevchenko, Kirill"]
[Black "Kelires, Andreas"]
[Result "1-0"]
[WhiteTitle "GM"]
[BlackTitle "GM"]
[WhiteElo "2652"]
[BlackElo "2536"]
[WhiteFideId "14129574"]
[BlackFideId "5900727"]
[EventDate "2022.03.27"]

1. c4 e6 2. Nf3 d5 3. e3 Nf6 4. Nc3 a6 5. b3 c5 6. Bb2 Nc6 7. cxd5 exd5 8. d4
cxd4 9. Nxd4 Bd6 10. Be2 O-O 11. Rc1 Re8 12. O-O Bc7 13. Ba3 Nxd4 14. Qxd4 Be5
15. Qh4 Be6 16. Bf3 Rc8 17. Ne2 Qa5 18. Qb4 Qxb4 19. Bxb4 g5 20. h3 h5 21. Bc3
Bxc3 22. Nxc3 Rc6 23. e4 dxe4 24. Nxe4 Nxe4 25. Rxc6 bxc6 26. Bxe4 Bxb3 27. Bxc6
Re6 28. Bd7 Rd6 29. axb3 Rxd7 30. Ra1 Rd6 31. Ra5 f6 32. h4 gxh4 33. Rxh5 Rb6
34. Ra5 Kg7 35. Kh2 Kg6 36. Kh3 Rxb3+ 37. Kxh4 Rb2 38. Kg3 Rb6 39. f3 Rc6 40.
Kg4 Rb6 41. f4 Rc6 42. g3 Rb6 43. Rd5 Rb7 44. Rc5 Rd7 45. Ra5 Rd6 46. f5+ Kh6
47. Kh4 Rb6 48. g4 Rc6 49. Rd5 Rc1 50. Rd8 Rh1+ 51. Kg3 Rg1+ 52. Kf3 Rf1+ 53.
Kg2 Rb1 54. Rg8 Kh7 55. Ra8 Kh6 56. Kf3 Rb4 57. Ra7 Rb3+ 58. Kf4 Rb4+ 59. Kg3
Rb6 60. Kh4 Rb1 61. Rf7 Rb6 62. Rf8 a5 63. Rh8+ Kg7 64. Ra8 Rb1 65. Rxa5 Rh1+
66. Kg3 Rg1+ 67. Kf3 Rf1+ 68. Kg2 Rb1 69. Ra8 Rb3 70. Rd8 Ra3 71. Kf2 Rb3 72.
Re8 Ra3 73. Re3 Ra1 74. Kg3 Rg1+ 75. Kf3 Rf1+ 76. Ke4 Kh6 77. Kd5 Kg5 78. Re4
Ra1 79. Ke6 Ra6+ 80. Kf7 Ra7+ 81. Re7 Ra5 82. Re4 Ra7+ 83. Kf8 Ra8+ 84. Ke7 Ra7+
85. Kd6 Ra6+ 86. Kd5 Ra5+ 87. Ke6 Ra6+ 88. Kf7 Ra7+ 89. Re7 Ra5 90. Re1 Kxg4 91.
Kg6 Kf4 92. Rb1 Rc5 93. Rb4+ Ke5 94. Rb6 Rc8 95. Rb5+ Kf4 96. Kxf6 Rc6+ 97. Kg7
Rc7+ 98. Kg6 1-0

[Event "22nd ch-EUR Indiv 2022"]
[Site "Terme Catez SLO"]
[Date "2022.03.31"]
[Round "5.18"]
[White "Livaic, Leon"]
[Black "Santos Latasa, Jaime"]
[Result "0-1"]
[WhiteTitle "IM"]
[BlackTitle "GM"]
[WhiteElo "2563"]
[BlackElo "2648"]
[WhiteFideId "14531534"]
[BlackFideId "2293307"]
[EventDate "2022.03.27"]

1. e4 c5 2. Nf3 d6 3. d4 cxd4 4. Nxd4 Nf6 5. Nc3 a6 6. g3 e5 7. Nf3 Be7 8. Bg2
O-O 9. O-O b5 10. a4 b4 11. Nd5 a5 12. Nh4 Nxd5 13. Qxd5 Ra6 14. Nf5 Qc7 15. Be3
Be6 16. Qd2 Rc8 17. Rfc1 Rc6 18. c3 bxc3 19. Rxc3 Bf8 20. Rac1 Qd8 21. Rxc6 Rxc6
22. Rxc6 Nxc6 23. Bf1 Qb8 24. Bb5 Nb4 25. Qe2 Qb7 26. Bd2 d5 27. Bxb4 Bxb4 28.
Qc2 dxe4 29. Bc6 Qc7 30. Ne3 g6 31. Qxe4 f5 32. Qg2 Kg7 33. Bd5 Bd7 34. b3 Qc5
35. Bc4 Bc6 36. Bd5 Be8 37. Bc4 Bc6 38. Bd5 Bd7 39. Bc4 e4 40. Qf1 Bc3 41. Bb5
Be6 42. Bc4 Bc8 43. Ba6 Bxa6 44. Qxa6 Bd4 45. Qe2 Qc3 46. Qc2 Qxc2 47. Nxc2 Bc5
48. h4 Kf6 49. Kg2 Ke5 50. f4+ exf3+ 51. Kxf3 h6 52. g4 fxg4+ 53. Kxg4 Ke4 54.
h5 g5 55. Ne1 Ke3 56. Nf3 Bd6 57. Ng1 Kd3 58. Kf5 Bc5 59. Nf3 Kc3 60. Ne5 Kxb3
61. Kg6 Bd4 62. Ng4 Kxa4 63. Nxh6 Kb3 64. Nf5 Bc3 65. Nd6 g4 66. Ne4 Bb2 67. Kf5
g3 68. Nxg3 a4 0-1

[Event "22nd ch-EUR Indiv 2022"]
[Site "Terme Catez SLO"]
[Date "2022.03.31"]
[Round "5.19"]
[White "Svane, Rasmus"]
[Black "Kulaots, Kaido"]
[Result "1-0"]
[WhiteTitle "GM"]
[BlackTitle "GM"]
[WhiteElo "2637"]
[BlackElo "2527"]
[WhiteFideId "4657101"]
[BlackFideId "4500261"]
[EventDate "2022.03.27"]

1. d4 Nf6 2. c4 g6 3. Nc3 d5 4. cxd5 Nxd5 5. e4 Nxc3 6. bxc3 Bg7 7. Qa4+ Qd7 8.
Qa3 b6 9. Nf3 c5 10. Bd3 Nc6 11. Bb5 a6 12. O-O Bb7 13. Bxc6 Qxc6 14. d5 Qc7 15.
Rb1 O-O 16. Be3 e6 17. Rfd1 exd5 18. exd5 b5 19. Bxc5 Rfd8 20. d6 Qc6 21. Rd3 a5
22. Rbd1 Bf8 23. Be3 Rd7 24. h3 h6 25. Qc5 Qxc5 26. Bxc5 Bxf3 27. gxf3 Ra6 28.
Rb1 b4 29. cxb4 axb4 30. Bxb4 Rxa2 31. Rc1 Ra8 32. Kg2 f5 33. f4 Kf7 34. Kf3
Rad8 35. Rcd1 Ke6 36. Ba5 Ra8 37. Bb4 Ra6 38. Re1+ Kf7 39. Red1 Ke6 40. h4 Bxd6
41. h5 gxh5 42. Re3+ Kf7 43. Rd5 Rb6 44. Bc5 Rc6 45. Bd4 Rc8 46. Rxf5+ Kg8 47.
Rd5 Kf7 48. Rd3 Ke7 49. Re3+ Kf7 50. Rd3 Ke7 51. f5 Rcc7 52. Ke4 Bb4 53. Rxd7+
Rxd7 54. Rh3 Kf7 55. Rxh5 Bf8 56. Rh1 Re7+ 57. Be5 Ra7 58. Rb1 Ra4+ 59. Kf3 Ra7
60. Kg4 Rd7 61. Rb6 Bg7 62. f4 Ra7 63. Rg6 Bf8 64. Rf6+ Kg8 65. Rc6 Kf7 66. Kh5
Rd7 67. Rf6+ Kg8 68. Kg6 Rg7+ 69. Kxh6 Rh7+ 70. Kg6 Rg7+ 71. Kh5 Rh7+ 72. Kg4
Ra7 73. Rc6 Rb7 74. Rc1 Ra7 75. Kg5 Rb7 76. Kg6 Rh7 77. f6 Rb7 78. Rh1 Rb6 79.
Rd1 Ra6 80. Rd7 Rb6 81. Kf5 Bb4 82. Rg7+ Kf8 83. Kg6 Ke8 84. Ra7 Rc6 85. Kg7 1-0

[Event "22nd ch-EUR Indiv 2022"]
[Site "Terme Catez SLO"]
[Date "2022.03.31"]
[Round "5.20"]
[White "Ponomariov, Ruslan"]
[Black "Suleymanli, Aydin"]
[Result "1/2-1/2"]
[WhiteTitle "GM"]
[BlackTitle "GM"]
[WhiteElo "2636"]
[BlackElo "2525"]
[WhiteFideId "14103320"]
[BlackFideId "13413937"]
[EventDate "2022.03.27"]

1. d4 Nf6 2. c4 e6 3. g3 d5 4. Bg2 Bb4+ 5. Bd2 Be7 6. Nf3 O-O 7. O-O c6 8. Qc2
a5 9. Rd1 Nbd7 10. Bf4 Nh5 11. Bc1 f5 12. b3 a4 13. Ba3 Nhf6 14. Ng5 Bxa3 15.
Nxa3 Qe7 16. Qb2 Ne4 17. Nxe4 fxe4 18. f3 e5 19. cxd5 cxd5 20. Nb5 exf3 21. exf3
e4 22. fxe4 dxe4 23. bxa4 Nf6 24. d5 Rxa4 25. d6 Qf7 26. Rd4 Rxd4 27. Qxd4 Bg4
28. Nc3 Bf3 29. Rf1 Bxg2 30. Kxg2 Re8 31. Re1 1/2-1/2

[Event "22nd ch-EUR Indiv 2022"]
[Site "Terme Catez SLO"]
[Date "2022.03.31"]
[Round "5.21"]
[White "Dragnev, Valentin"]
[Black "Kollars, Dmitrij"]
[Result "1/2-1/2"]
[WhiteTitle "GM"]
[BlackTitle "GM"]
[WhiteElo "2546"]
[BlackElo "2635"]
[WhiteFideId "1634852"]
[BlackFideId "12909572"]
[EventDate "2022.03.27"]

1. e4 e5 2. Nf3 Nc6 3. Bb5 a6 4. Ba4 Nf6 5. O-O Be7 6. Re1 b5 7. Bb3 d6 8. c3
O-O 9. h3 Bb7 10. d4 Re8 11. a3 Bf8 12. d5 Nb8 13. c4 c6 14. dxc6 Bxc6 15. Bg5
Nbd7 16. cxb5 axb5 17. Nc3 Qb6 18. Bxf6 Nxf6 19. Nd5 Nxd5 20. Bxd5 Rac8 21. Rc1
h6 22. b4 Rc7 23. Qb3 Bxd5 24. Qxd5 Rec8 25. Rxc7 Rxc7 26. Re3 g6 27. g3 Kg7 28.
Kg2 Be7 29. h4 Qc6 30. Rd3 f5 31. Nd2 Kf6 32. Qg8 Rc8 33. Qh7 fxe4 34. Rc3 Qb7
35. Rxc8 e3+ 36. Ne4+ Qxe4+ 37. f3 Qd3 38. Qh8+ Kf5 39. g4+ Ke6 40. Qg8+ Kd7 41.
Qe8+ Ke6 42. Qg8+ Kd7 43. Qe8+ Ke6 44. Qg8+ Kd7 45. Qe8+ 1/2-1/2

[Event "22nd ch-EUR Indiv 2022"]
[Site "Terme Catez SLO"]
[Date "2022.03.31"]
[Round "5.22"]
[White "Martirosyan, Haik M."]
[Black "Gavrilescu, David"]
[Result "1-0"]
[WhiteTitle "GM"]
[BlackTitle "IM"]
[WhiteElo "2633"]
[BlackElo "2512"]
[WhiteFideId "13306553"]
[BlackFideId "1227190"]
[EventDate "2022.03.27"]

1. d4 Nf6 2. c4 e6 3. Nf3 d5 4. g3 Be7 5. Bg2 O-O 6. O-O dxc4 7. Qc2 b5 8. a4
Bb7 9. axb5 a6 10. bxa6 Nxa6 11. Qxc4 Bd5 12. Qc3 c5 13. Be3 Ne4 14. Qe1 Nb4 15.
Rxa8 Qxa8 16. Nc3 Nxc3 17. bxc3 Nc2 18. Qd2 Nxe3 19. Qxe3 h6 20. Rd1 cxd4 21.
cxd4 Rd8 22. Qf4 Qa4 23. Qd2 Bf6 24. e3 g6 25. h4 h5 26. Qe2 Qb3 27. Rc1 Ra8 28.
Nd2 Qb2 29. Qe1 Bxg2 30. Kxg2 Ra2 31. Nf3 Kg7 32. Rd1 Qb3 33. Rd2 Ra3 34. Qc1
Qa4 35. Rb2 Ra1 36. Rb1 Rxb1 37. Qxb1 Qc4 38. Qb7 Kf8 39. Nd2 Qc2 40. Ne4 Be7
41. Qb8+ Kg7 42. Qe5+ Kg8 43. Nc5 Qc4 44. Qb8+ Kg7 45. Qc7 Bxc5 46. Qe5+ Kg8 47.
dxc5 Qc2 48. Qd4 Kf8 49. e4 Ke8 50. Kf3 Qc1 51. Qb4 Qc2 52. Qb8+ Ke7 53. Qd6+
Kf6 54. c6 Qc3+ 55. Kg2 Qc2 56. c7 Qxe4+ 57. Kh2 Qc2 58. Qd4+ e5 59. Qd6+ Kf5
60. Kh3 Qc4 61. Qd7+ Kf6 62. Qd6+ Kf5 63. Qb6 g5 64. Kh2 Qc2 65. Kg2 Qe4+ 66.
Kg1 Qe1+ 67. Kh2 1-0

[Event "22nd ch-EUR Indiv 2022"]
[Site "Terme Catez SLO"]
[Date "2022.03.31"]
[Round "5.23"]
[White "Pultinevicius, Paulius"]
[Black "Yilmaz, Mustafa"]
[Result "0-1"]
[WhiteTitle "GM"]
[BlackTitle "GM"]
[WhiteElo "2546"]
[BlackElo "2624"]
[WhiteFideId "12809390"]
[BlackFideId "6302718"]
[EventDate "2022.03.27"]

1. c4 e5 2. Nc3 Bb4 3. Nf3 Bxc3 4. bxc3 d6 5. g3 Nc6 6. Bg2 Nge7 7. O-O O-O 8.
d3 Bd7 9. e4 Qc8 10. Be3 Bh3 11. c5 Bxg2 12. Kxg2 d5 13. exd5 Nxd5 14. Bd2 Qf5
15. Qb1 Rab8 16. Re1 Rfd8 17. Nh4 Qd7 18. Nf3 Qf5 19. Nh4 Qf6 20. Nf3 e4 21.
dxe4 Nxc3 22. Bxc3 Qxc3 23. Qc1 Rd3 24. Qxc3 Rxc3 25. Rac1 Ra3 26. Red1 Kf8 27.
Rd2 Ke8 28. Rb2 Ra4 29. Nd2 Rd8 30. Nf1 Na5 31. Re1 Rdd4 32. Nd2 Rdb4 33. Rc2
Nc6 34. Nf3 Rxe4 35. Rd1 Rac4 36. Rb2 Rb4 37. Rbd2 Rb5 38. Rc2 h6 39. Nd2 Re5
40. Nb3 Rb4 41. Rcd2 g5 42. h3 Rc4 43. Rd7 Re7 44. R7d5 Kf8 45. R1d2 Rce4 46.
Rb2 Re2 47. Nd2 R7e5 48. Rd3 Rf5 49. Rf3 Rd5 0-1

[Event "22nd ch-EUR Indiv 2022"]
[Site "Terme Catez SLO"]
[Date "2022.03.31"]
[Round "5.24"]
[White "Bartel, Mateusz"]
[Black "Gharibyan, Mamikon"]
[Result "1/2-1/2"]
[WhiteTitle "GM"]
[BlackTitle "IM"]
[WhiteElo "2616"]
[BlackElo "2479"]
[WhiteFideId "1112635"]
[BlackFideId "13308300"]
[EventDate "2022.03.27"]

1. d4 Nf6 2. c4 e6 3. Nf3 b6 4. Bf4 Bb7 5. e3 Bb4+ 6. Nfd2 O-O 7. a3 Be7 8. Nc3
d5 9. cxd5 exd5 10. Bd3 c5 11. O-O Nc6 12. Nf3 h6 13. dxc5 bxc5 14. Rc1 d4 15.
Na4 Qd5 16. Qc2 dxe3 17. fxe3 Na5 18. e4 Qb3 19. Qxb3 Nxb3 20. Rc3 Bc6 21. Rxb3
Bxa4 22. Rb7 c4 23. Bxc4 Bc5+ 24. Kh1 Nxe4 25. h3 Bb6 26. b3 Bc6 27. Re7 Nf6 28.
Rd1 Rad8 29. Rxd8 Rxd8 30. Rxf7 Bd5 31. Rb7 Bxc4 32. bxc4 Rd3 33. a4 Rc3 34. a5
Bxa5 35. Bd2 Rxf3 36. gxf3 Bxd2 37. Rxa7 Be3 38. Rb7 Kf8 39. Kg2 Bc5 40. f4 Ne4
41. Kf3 Nd2+ 42. Ke2 Ne4 43. Rd7 Be7 44. Ke3 Nc5 45. Ra7 g6 46. Kd4 Ne6+ 47. Ke5
Kf7 48. f5 gxf5 49. Kxf5 h5 50. Ra6 Nc5 51. Ra3 h4 52. Rf3 Ke8 53. Ke5 Kd7 54.
Rf7 Ne6 55. Kf5 Nd4+ 56. Kg4 Nc6 57. Kf5 Nd4+ 58. Kg4 Nc6 59. Kf5 1/2-1/2

[Event "22nd ch-EUR Indiv 2022"]
[Site "Terme Catez SLO"]
[Date "2022.03.31"]
[Round "5.25"]
[White "Teclaf, Pawel"]
[Black "Brkic, Ante"]
[Result "1/2-1/2"]
[WhiteTitle "IM"]
[BlackTitle "GM"]
[WhiteElo "2542"]
[BlackElo "2607"]
[WhiteFideId "1185934"]
[BlackFideId "14506688"]
[EventDate "2022.03.27"]

1. e4 c5 2. Nf3 d6 3. Bb5+ Nd7 4. d4 cxd4 5. Qxd4 a6 6. Bxd7+ Bxd7 7. Nc3 e5 8.
Qd3 Rc8 9. O-O Qc7 10. Rd1 Be6 11. Nd2 g6 12. Nf1 f5 13. exf5 gxf5 14. Bg5 h6
15. Bh4 Qc4 16. Qg3 1/2-1/2

[Event "22nd ch-EUR Indiv 2022"]
[Site "Terme Catez SLO"]
[Date "2022.03.31"]
[Round "5.26"]
[White "Indjic, Aleksandar"]
[Black "Aizenberg, Benny"]
[Result "1-0"]
[WhiteTitle "GM"]
[BlackTitle "FM"]
[WhiteElo "2605"]
[BlackElo "2297"]
[WhiteFideId "911925"]
[BlackFideId "2821125"]
[EventDate "2022.03.27"]

1. d4 Nf6 2. c4 c5 3. d5 b5 4. cxb5 a6 5. e3 g6 6. Nc3 Bg7 7. a4 O-O 8. Nf3 d6
9. Ra3 Nbd7 10. e4 axb5 11. Bxb5 Ba6 12. Qe2 Qa5 13. Nd2 Rfb8 14. O-O Nb6 15.
Bxa6 Qxa6 16. Qxa6 Rxa6 17. a5 Nfd7 18. Nd1 Na8 19. Nc4 Nc7 20. Nde3 Bd4 21. Ra4
Nf6 22. f3 e6 23. dxe6 fxe6 24. e5 dxe5 25. Kh1 Ncd5 26. Nc2 Nb6 27. Nxb6 Rbxb6
28. Rxd4 exd4 29. axb6 Rxb6 30. b4 d3 31. bxc5 Rb1 32. Ne3 Nd5 33. Bd2 Rb2 34.
Nxd5 exd5 35. Rd1 Rc2 36. Be3 Rc3 37. Bd4 Ra3 38. c6 Ra6 39. c7 Rc6 40. Bb6 Kf7
41. h3 1-0

[Event "22nd ch-EUR Indiv 2022"]
[Site "Terme Catez SLO"]
[Date "2022.03.31"]
[Round "5.27"]
[White "Stefansson, Hannes"]
[Black "Ivanisevic, Ivan"]
[Result "1-0"]
[WhiteTitle "GM"]
[BlackTitle "GM"]
[WhiteElo "2520"]
[BlackElo "2601"]
[WhiteFideId "2300087"]
[BlackFideId "912417"]
[EventDate "2022.03.27"]

1. e4 e5 2. Nf3 Nc6 3. Bb5 a6 4. Ba4 Nf6 5. O-O Be7 6. Re1 b5 7. Bb3 O-O 8. a4
Na5 9. Ba2 d5 10. Bxd5 Nxd5 11. exd5 b4 12. Nxe5 Qxd5 13. d3 Bb7 14. Nf3 Bd6 15.
Nbd2 f5 16. Nf1 f4 17. N1d2 g5 18. Ne4 g4 19. Nfd2 Qh5 20. Nxd6 cxd6 21. Ne4 f3
22. Qd2 fxg2 23. Qxb4 Nc6 24. Qxb7 Nd4 25. Ng3 Ra7 26. Nxh5 Rxb7 27. Re4 1-0

[Event "22nd ch-EUR Indiv 2022"]
[Site "Terme Catez SLO"]
[Date "2022.03.31"]
[Round "5.28"]
[White "Petkov, Momchil"]
[Black "Pechac, Jergus"]
[Result "1/2-1/2"]
[WhiteTitle "IM"]
[BlackTitle "GM"]
[WhiteElo "2465"]
[BlackElo "2599"]
[WhiteFideId "2921642"]
[BlackFideId "14926970"]
[EventDate "2022.03.27"]

1. d4 d5 2. c4 c6 3. Nf3 Nf6 4. g3 g6 5. Bg2 Bg7 6. O-O O-O 7. a4 Be6 8. Nc3 Ne4
9. cxd5 Bxd5 10. Qc2 Nxc3 11. bxc3 c5 12. e4 Bc4 13. Rd1 Nc6 14. d5 Na5 15. Nd2
Be2 16. Re1 Ba6 17. Rb1 e6 18. c4 Bd4 19. Bb2 Rc8 20. e5 Kg7 21. Qe4 Nxc4 22.
Nxc4 Bxc4 23. dxe6 Bxe6 24. Rbd1 Bxb2 25. Rxd8 Rfxd8 26. Qh4 c4 27. Bxb7 c3 28.
Bxc8 Rxc8 29. Qf6+ Kg8 30. Rd1 c2 31. Rd8+ Rxd8 32. Qxd8+ Kg7 33. Qf6+ Kh6 34.
Qh4+ Kg7 35. Qf6+ Kh6 36. Qh4+ Kg7 1/2-1/2

[Event "22nd ch-EUR Indiv 2022"]
[Site "Terme Catez SLO"]
[Date "2022.03.31"]
[Round "5.29"]
[White "Gadimbayli, Abdulla"]
[Black "Baklan, Vladimir"]
[Result "1-0"]
[WhiteTitle "IM"]
[BlackTitle "GM"]
[WhiteElo "2451"]
[BlackElo "2591"]
[WhiteFideId "13404938"]
[BlackFideId "14102196"]
[EventDate "2022.03.27"]

1. e4 e6 2. d4 d5 3. Nd2 Be7 4. exd5 exd5 5. Bd3 Nf6 6. Ngf3 Bg4 7. O-O O-O 8.
Re1 Nbd7 9. c3 Re8 10. h3 Bh5 11. Nf1 Bd6 12. Rxe8+ Qxe8 13. Ng3 Bxg3 14. fxg3
Bg6 15. Bf4 Bxd3 16. Qxd3 c6 17. Re1 Qf8 18. Nd2 Re8 19. Re3 Nb6 20. Be5 Nfd7
21. Bc7 Re7 22. Qe2 Rxe3 23. Qxe3 Qc8 24. Bd6 Nf8 25. b3 Qe6 26. Qxe6 Nxe6 27.
Kf2 f6 28. Ke3 h5 29. Kd3 Kf7 30. c4 Ke8 31. Nf1 Kd7 32. Bb8 Nc8 33. Ne3 dxc4+
34. bxc4 g6 35. g4 hxg4 36. Nxg4 Ke7 37. h4 Nd6 38. Ne3 a6 39. g4 Nf4+ 40. Kc2
Ne2 41. d5 cxd5 42. Nxd5+ Ke6 43. Bxd6 Kxd6 44. Nxf6 Ke5 45. Nd7+ Kf4 46. h5
gxh5 47. gxh5 Kg5 48. Nc5 b5 49. Nxa6 bxc4 50. a4 Kxh5 51. Nb4 Kg5 52. a5 Kf6
53. a6 Nd4+ 54. Kc3 Nb5+ 55. Kxc4 Na7 56. Kd5 Nc8 57. Kc6 Ke6 58. Nd5 Ke5 59.
Nc3 Kd4 60. Nb5+ 1-0